| 000 | 00416cam a2200169ua 4500 | ||
|---|---|---|---|
| 020 | _c249.00 | ||
| 041 |
_aeng _h |
||
| 082 |
_a005.369 _bOMU/JU |
||
| 100 | _aOmura, George . | ||
| 245 |
_aJust enough Autocad 2007 / _cGeorge Omura. _hTextual Documents |
||
| 260 |
_a : _bWiley Publishing Inc , _c2006. |
||
| 300 |
_a383 ; _e`. |
||
| 365 | _a249.00 | ||
| 504 | _a | ||
| 942 | _cBK | ||
| 999 |
_c13068 _d13068 |
||